00513nam a22001577a 4500003000500000005001700005008004100022040000600063082001600069100005400085245008500139250000800224260004600232300001800278650005900296CEME20210628203309.0210122b xxu||||| |||| 00| 0 eng d c. a320.321 KES aKesselman, Mark, Krieger, Joel, Joseph, William A aIntroduction to comparative politics, political challenges and changing angendas a4TH aISLAMABADbNATIONAL BOOK FOUNDATIONc2007 aXXVIII, 717 P aCOMPARATIVE POLITICS-INTRODUCTION.POLITICAL CHALLENGES